Les 10 joueurs les plus cotés du marché - Statistiques

Statistiques générales
  • Ce quiz a été pris 254 fois
  • Le résultat moyen est 8 sur 10
Statistiques - réponses
Indice Réponse % Correct
(PSG) : 250 M€ Kylian Mbappé
100%
(Manchester City) : 200 M€ Erling Haaland
94%
(Real Madrid) : 250 M€ Vinicius Junior
93%
(FC Barcelone) : 150 M€ Gavi
84%
(Borussia Dortmund) : 200 M€ Jude Bellingham
84%
(FC Barcelone) : 150 M€ Pedri
83%
(Arsenal) : 150 M€ Bukayo Saka
79%
(Real Madrid) : 150 M€ Rodrygo
72%
(Real Madrid) : 150 M€ Federico Valverde
55%
(Bayern Munich) : 150 M€ Jamal Musiala
45%
Aucun quiz correspondant
Distribution des résultats
% des personnes avec chaque résultat
Percentile par nombre de réponses
Votre historique - résultats
Vous n’avez pas pris ce quiz